American English grammar : (Record no. 591292)

000 -LEADER
fixed length control field 02653cam a2200469 i 4500
001 - CONTROL NUMBER
control field 21191187
003 - CONTROL NUMBER IDENTIFIER
control field NUST
005 - DATE AND TIME OF LATEST TRANSACTION
control field 20220829150605.0
006 - FIXED-LENGTH DATA ELEMENTS--ADDITIONAL MATERIAL CHARACTERISTICS
fixed length control field m |o d |
007 - PHYSICAL DESCRIPTION FIXED FIELD--GENERAL INFORMATION
fixed length control field cr |||||||||||
008 - FIXED-LENGTH DATA ELEMENTS--GENERAL INFORMATION
fixed length control field 190829s2020 nyu ob 001 0 eng
010 ## - LIBRARY OF CONGRESS CONTROL NUMBER
LC control number 2019038130
020 ## - INTERNATIONAL STANDARD BOOK NUMBER
International Standard Book Number 9780429268885
Qualifying information (ebook)
020 ## - INTERNATIONAL STANDARD BOOK NUMBER
International Standard Book Number 9781000711547
Qualifying information (ebook)
020 ## - INTERNATIONAL STANDARD BOOK NUMBER
International Standard Book Number 9781000711356
Qualifying information (ebook)
020 ## - INTERNATIONAL STANDARD BOOK NUMBER
Canceled/invalid ISBN 9780367219352
Qualifying information (hardback)
020 ## - INTERNATIONAL STANDARD BOOK NUMBER
Canceled/invalid ISBN 9780367219406
Qualifying information (paperback)
038 ## - RECORD CONTENT LICENSOR
Staff Name Azhar
040 ## - CATALOGING SOURCE
Original cataloging agency DLC
Language of cataloging eng
Transcribing agency DLC
Description conventions rda
Modifying agency DLC
042 ## - AUTHENTICATION CODE
Authentication code pcc
043 ## - GEOGRAPHIC AREA CODE
Geographic area code n-us---
050 00 - LIBRARY OF CONGRESS CALL NUMBER
Classification number PE2812
082 00 - DEWEY DECIMAL CLASSIFICATION NUMBER
Classification number 428.2
Author Mark KAT
100 1# - MAIN ENTRY--PERSONAL NAME
Personal name Katz, Seth,
Relator term author.
9 (RLIN) 98400
245 10 - TITLE STATEMENT
Title American English grammar :
Remainder of title an introduction
Statement of responsibility, etc. Seth R. Katz.
260 ## - PUBLICATION, DISTRIBUTION, ETC.
Place of publication, distribution, etc. New York :
Name of publisher, distributor, etc. Routledge / Taylor & Francis Group,
Date of publication, distribution, etc. 2020
300 ## - PHYSICAL DESCRIPTION
Extent 320p
336 ## - CONTENT TYPE
Content type term text
Content type code txt
Source rdacontent
337 ## - MEDIA TYPE
Media type term computer
Media type code c
Source rdamedia
338 ## - CARRIER TYPE
Carrier type term online resource
Carrier type code cr
Source rdacarrier
504 ## - BIBLIOGRAPHY, ETC. NOTE
Bibliography, etc. note Includes bibliographical references and index.
520 ## - SUMMARY, ETC.
Summary, etc. "American English Grammar introduces students to American English in detail, from parts-of-speech, phrases, and clauses to punctuation and explaining (and debunking) numerous "rules of correctness," integrating its discussion of Standard American grammar with thorough coverage of the past sixty years' work on African American English and other ethnic and regional non-Standard varieties. The book's examples and exercises include 500 real-world sentences and longer texts, drawn from newspapers, film, song lyrics, and online media; Mark Twain, Stephen King, academic texts, translations of the Bible, poetry, drama, children's literature, and transcribed conversation and TV and radio shows. Based on 20 years of classroom testing and revision, American English Grammar will serve as a classroom text or reference grammar that teaches students how to think and talk not only about the mechanics of sentences, but about the deep and detailed soul and nuance of the most widely used language in human history"--
Assigning source Provided by publisher.
563 ## - BINDING INFORMATION
Binding note HB
588 ## - SOURCE OF DESCRIPTION NOTE
Source of description note Description based on print version record and CIP data provided by publisher.
650 #0 - SUBJECT ADDED ENTRY--TOPICAL TERM
Topical term or geographic name entry element English language
Geographic subdivision United States
General subdivision Grammar.
9 (RLIN) 98401
650 #0 - SUBJECT ADDED ENTRY--TOPICAL TERM
Topical term or geographic name entry element English language
Geographic subdivision United States
General subdivision Usage.
9 (RLIN) 98402
650 #0 - SUBJECT ADDED ENTRY--TOPICAL TERM
Topical term or geographic name entry element English language
Geographic subdivision United States
General subdivision Syntax.
9 (RLIN) 98403
776 08 - ADDITIONAL PHYSICAL FORM ENTRY
Relationship information Print version:
Main entry heading Katz, Seth.
Title American English grammar
Place, publisher, and date of publication New York : Routledge / Taylor & Francis Group, 2020
International Standard Book Number 9780367219352
Record control number (DLC) 2019038129
906 ## - LOCAL DATA ELEMENT F, LDF (RLIN)
a 7
b cbc
c orignew
d 1
e ecip
f 20
g y-gencatlg
942 ## - ADDED ENTRY ELEMENTS (KOHA)
Source of classification or shelving scheme
Koha item type Lincoln Corner
Holdings
Withdrawn status Lost status Source of classification or shelving scheme Damaged status Not for loan Permanent Location Current Location Shelving location Date acquired Full call number Barcode Date last seen Price effective from Koha item type
          Central Library (CL) Central Library (CL) Lincoln Corner 08/23/2022 428.2 KAT LC-391 08/23/2022 08/23/2022 Reference
© 2023 Central Library, National University of Sciences and Technology. All Rights Reserved.